000 00969nac a22003137a 4500
001 BR0403625
003 BR-BrBNA
005 20240105123030.0
008 230509b bl.|||m| |||| 00| 0 por d
040 _aBR-BrBNA
_bpor
_cBiblioteca Nacional de Agricultura
072 _aQ52
090 _a5300 BR0403625
100 1 _aPerdomo, C.C.
110 1 _aInstituto de Pesquisa Agropecuária do Sul, Pelotas, RS (Brasil)
_96097
245 1 _aTeste de concentrados protéicos para suínos
260 3 _aPelotas, RS (Brasil):
_c1974.
300 _a7 p.
490 _aComunicado Técnico - Instituto de Pesquisa Agropecuária do Sul (Brazil)
_vno. 17
_xISSN
650 _aSUÍNO
650 _aRAÇÃO
650 _aCONCENTRADO PROTÉICO
650 _aINDUSTRIALIZAÇÃO
650 _aCOMERCIALIZAÇÃO
650 _aMERCADO
650 _aCUSTO DE PRODUÇÃO
650 _aQUALIDADE
909 _a202312
_bLúcia Elande
_c55
_dLúcia Elande
942 _2AGRIS
_n0
_cMS
999 _c293716
_d293716